000 01333nam1a2200253 i 4500
001 RU\NLR\BIBL_A\011352224
005 20260407180148.0
010 _a9785295065422
_91000
035 _a(NLR Aleph) 011352224
090 _a11251383
_c11251383
100 _a20170303d2016 um y0rusy50 ca
101 0 _arus
102 _aRU
105 _a||||i||||||||
200 1 _aНароды Башкортостанa а переписях населения
_eстатистический сборник
_e[в 2 ч.]
_fТерриториальный орган Федеральной службы государственной статистики по Республике Башкортостан (Башкортостанстат)
210 _aУфа
_cКитап
_d2016
215 _d25
606 1 _aНаселение
_xПереписи
_yБашкортостан, Республика
_z19 - 21 вв.
_92322413
_3RU\NLR\AUTH\6601614051
686 1 _aС73(2Р-6Б)я31
712 0 1 _4570
_aРоссийская Федерация
_bФедеральная служба государственной статистики
_bТерриториальный орган по Республике Башкортостан
_3RU\NLR\AUTH\8810114395
_9728152
852 _aNLR
_j2017-7/1033
942 _cBOOK